| 000 | 00514nam a22001697a 4500 | ||
|---|---|---|---|
| 999 |
_c524978 _d524978 |
||
| 003 | NUST | ||
| 038 | _aFaiza | ||
| 082 |
_a891.421 _bBHA |
||
| 245 | _aBhai veer Singh Rachna wli / | ||
| 260 |
_aGurgaon : _bShri Shyam Sunder Press, _c1969. |
||
| 300 | _a302 p. ; | ||
| 500 | _aHardcover. | ||
| 710 |
_aDirector Languages pb. _915778 |
||
| 880 |
_6245-02\r _aبھاٰی ویر سنگھ رچنا ولی / |
||
| 880 |
_6260-03\r _aگرگاٰوں : _bشری شیام سُندر پریس, _c۱۹۶۹. |
||
| 942 |
_2ddc _cBK |
||